000 00698nam a2200157Ia 4500
008 231221s9999 xx 000 0 und d
020 _a978-3-540-34142-0
041 _aEnglish
100 _aRoman Wyrzykowski, Jack Dongarra, Norbert Meyer, Jerzy Wasniewski
245 0 _aParallel Processing and Applied Mathematics
260 _c2006
_bSpringer US
_aNew York
440 _aLecture Notes in Computer Science
650 _aComputer Science
650 _aSoftware Engineering/Programming and Operating Systems; Algorithm Analysis and Problem Complexity; Mathematics of Computing; Memory Structures; Computer Communication Networks; Computational Mathematics and Numerical Analysis
942 _cEB
999 _c221414
_d221414